00956nam a2200253 a 450000100060000000300080000600500170001400800410003103500190007204000270009104100080011808200270012610000280015324500800018125000120026126000470027330000280032050400260034865000210037494200120039599900170040795201400042495201380056473267BD-RjUL20211209082353.0170529s1970 hiua b 000 0 eng d a(BD-RjUL)73485 aDLCcDLCdBD-RjULbeng aeng00a551.5184223bDUM 19701 aDüing, Walter921672514aThe monsoon regime of the currents in the Indian Ocean /cby Walter Düing a1st ed. aHonolulu :bEast-West Center Press,c1970. a68 p. :bill. ;c29 cm. aIncludes Bibliography 0aMonsoons9213816 2ddccBK c73267d73267 00102ddc40718NFICaRUCLbRUCLcReadingd2021-12-09eAsia Foundationl0o551.5184 DUM 1970r2017-05-29 00:00:00tC-1w2017-05-29yBK 00102ddc40708NFICaRUCLbRUCLcStackd2021-12-09eAsia Foundationl0o551.5184 DUM 1970r2017-05-29 00:00:00tC-2w2017-05-29yBK